[Event "2nd Easter 4NCL Congress"]
[Site "Daventry"]
[Date "2022.04.17"]
[Round "5"]
[Board "14"]
[White "Vaidyanathan, Sathya"]
[Black "Lacoult, Maxime"]
[Result "0-1"]
[WhiteElo "1280"]
[BlackElo "1599"]
[PlyCount "168"]
[EventDate "2022.04.15"]
[EventRounds "7"]
[EventCountry "ENG"]

1. e4 b6 2. Nf3 Bb7 3. d3 c5 4. Nc3 Nc6 5. Bf4 a6 6. Be2 g6 7. h3 Bg7 8. Nd5
Rc8 9. c3 Nf6 10. Nxf6+ Bxf6 11. Qc1 d5 12. exd5 Qxd5 13. Bg5 Be5 14. Bf4 O-O
15. O-O b5 16. Qe3 f6 17. Rad1 Bxf4 18. Qxf4 Qxa2 19. Rb1 Qa5 20. d4 cxd4 21.
Nxd4 Nxd4 22. Qxd4 Qd8 23. Qe3 Qc7 24. Bf3 Bxf3 25. Qxf3 Qc6 26. Qe3 Qc5 27.
Qe6+ Kh8 28. Qxa6 Rc6 29. Qa2 Qc4 30. Qxc4 bxc4 31. Rfe1 e5 32. Rbd1 Rb8 33.
Rd2 Kg7 34. Rd7+ Kh6 35. Re2 g5 36. Red2 Kg6 37. R7d6 Rxd6 38. Rxd6 Rxb2 39.
Rc6 Kf5 40. Rxc4 Rb1+ 41. Kh2 e4 42. g3 e3 43. fxe3 Rb2+ 44. Kg1 Re2 45. e4+
Rxe4 46. Rxe4 Kxe4 47. Kf2 Kd3 48. Kf3 f5 49. h4 h6 50. hxg5 hxg5 51. Kf2 g4
52. c4 Kxc4 53. Ke3 Kd5 54. Kd3 Ke6 55. Ke2 Kf7 56. Kf1 Kg6 57. Kg2 Kg5 58. Kg1
Kf6 59. Kf2 Ke5 60. Ke3 Kd5 61. Kd3 Ke6 62. Ke2 Kd6 63. Kd2 Kc6 64. Ke3 Kd6 65.
Kd4 Ke6 66. Kd3 Kd5 67. Ke3 Ke5 68. Kd3 f4 69. gxf4+ Kxf4 70. Ke2 Kg3 71. Ke3
Kh2 72. Kd4 g3 73. Ke5 g2 74. Kd5 g1=R 75. Kd4 Rg5 76. Ke4 Kg3 77. Kd4 Kf3 78.
Kc4 Ke3 79. Kb4 Kd3 80. Kb3 Rb5+ 81. Ka4 Kc4 82. Ka3 Kc3 83. Ka4 Rh5 84. Ka3
Ra5#  0-1

[Event "2nd Easter 4NCL Congress"]
[Site "Daventry"]
[Date "2022.04.17"]
[Round "5"]
[Board "15"]
[White "Keerthi Kumar, Advait"]
[Black "Constable, John"]
[Result "1-0"]
[WhiteElo "1377"]
[BlackElo "1595"]
[PlyCount "133"]
[EventDate "2022.04.15"]
[EventRounds "7"]
[EventCountry "ENG"]

1. e4 g6 2. d4 Bg7 3. c4 d6 4. Nc3 Nc6 5. Be3 e6 6. Be2 Nge7 7. Nf3 O-O 8. Qd2
f5 9. d5 exd5 10. exd5 Ne5 11. O-O Nxf3+ 12. Bxf3 Rf7 13. Rfe1 Qf8 14. Bf4 Bd7
15. h4 h5 16. Re2 Kh7 17. Rae1 Re8 18. c5 Nc8 19. Bg5 Rxe2 20. Qxe2 Be5 21. c6
bxc6 22. dxc6 Be6 23. Nd5 Nb6 24. Nxb6 axb6 25. b3 Qg8 26. Qd3 Rf8 27. Bd1 Bd5
28. f4 Be4 29. Qe3 Bg7 30. Bf3 Re8 31. Bxe4 Rxe4 32. Qd2 Qe8 33. Rxe4 Qxe4 34.
Qc1 Bd4+ 35. Kh2 Be3 36. Qc4 d5 37. Qf1 d4 38. Qc4 Qe8 39. Qd5 Kg7 40. Qd7+ Qf7
41. Kg3 d3 42. Qxd3 Bc5 43. Qd7 Bd6 44. Kf3 Bc5 45. Ke2 Bd6 46. Kd3 Bc5 47. a4
Kg8 48. Qxf7+ Kxf7 49. Kc4 Ke6 50. b4 Be3 51. g3 Bf2 52. Kb5 Kd6 53. a5 bxa5
54. bxa5 Bd4 55. Bh6 Kd5 56. Bf8 Be3 57. Bg7 Ba7 58. Be5 Bf2 59. a6 Bb6 60.
Bxc7 Ba7 61. Bb6 Bb8 62. c7 Bxc7 63. Bxc7 Ke4 64. a7 Kf3 65. a8=Q+ Kg4 66. Qg2
g5 67. hxg5  1-0

[Event "2nd Easter 4NCL Congress"]
[Site "Daventry"]
[Date "2022.04.17"]
[Round "5"]
[Board "16"]
[White "Hadfield, Roy"]
[Black "Cox, Lucian"]
[Result "0-1"]
[WhiteElo "1585"]
[BlackElo "1545"]
[PlyCount "76"]
[EventDate "2022.04.15"]
[EventRounds "7"]
[EventCountry "ENG"]

1. d4 Nf6 2. c4 g6 3. Nc3 Bg7 4. e4 d6 5. Be2 O-O 6. Be3 Nbd7 7. g4 e5 8. d5
Nc5 9. f3 Ne8 10. h4 f5 11. gxf5 gxf5 12. Qd2 fxe4 13. fxe4 Nf6 14. Bxc5 dxc5
15. O-O-O Bg4 16. Nf3 Nxe4 17. Nxe4 Bxf3 18. Bxf3 Rxf3 19. Nxc5 Qf6 20. Kb1 Bh6
21. Qg2+ Kh8 22. Ne6 Rf2 23. Qe4 Rg8 24. Ng5 Bxg5 25. hxg5 Qf5 26. Rde1 Qxe4+
27. Rxe4 Rxg5 28. Rhe1 Rgg2 29. b3 Rb2+ 30. Kc1 Rxa2 31. Kb1 Rgb2+ 32. Kc1 Rxb3
33. Rxe5 Ra1+ 34. Kc2 Rxe1 35. Rxe1 Rf3 36. Re8+ Kg7 37. c5 Rf5 38. d6 Rxc5+
 0-1

[Event "2nd Easter 4NCL Congress"]
[Site "Daventry"]
[Date "2022.04.17"]
[Round "5"]
[Board "17"]
[White "Constable, Christine F"]
[Black "Lloyd, Gregory"]
[Result "0-1"]
[WhiteElo "1560"]
[BlackElo "1498"]
[PlyCount "62"]
[EventDate "2022.04.15"]
[EventRounds "7"]
[EventCountry "ENG"]

1. d4 Nf6 2. c4 e6 3. g3 d5 4. Bg2 Bb4+ 5. Nd2 c6 6. Ngf3 dxc4 7. O-O b5 8. e3
Bb7 9. Ne5 O-O 10. Qc2 Qb6 11. Ndf3 Bd6 12. Bd2 c5 13. Bc3 Be4 14. Qc1 Bxe5 15.
dxc5 Qxc5 16. Bxe5 Nc6 17. Bc3 b4 18. Bxf6 gxf6 19. a3 a5 20. Rd1 Rad8 21. Rxd8
Rxd8 22. axb4 axb4 23. Qe1 Qd5 24. Nh4 Bxg2 25. Nxg2 Qd2 26. Qb1 c3 27. bxc3
bxc3 28. Nf4 c2 29. Qf1 Qd1 30. Ne2 Qxa1 31. Qxa1 Rd1+  0-1

[Event "2nd Easter 4NCL Congress"]
[Site "Daventry"]
[Date "2022.04.17"]
[Round "5"]
[Board "18"]
[White "Fraser, Chris A"]
[Black "Hu, Edward"]
[Result "1-0"]
[WhiteElo "1631"]
[BlackElo "1444"]
[PlyCount "67"]
[EventDate "2022.04.15"]
[EventRounds "7"]
[EventCountry "ENG"]

1. e4 e5 2. Nf3 Nc6 3. d4 exd4 4. Bc4 Nf6 5. e5 d5 6. Bb5 Ne4 7. Nxd4 Bd7 8.
Bxc6 Bxc6 9. O-O Bc5 10. f3 Ng5 11. f4 Ne6 12. Be3 Qe7 13. Nc3 Nxd4 14. Bxd4
O-O-O 15. Qd2 Bb4 16. a3 Bxc3 17. Qxc3 Kb8 18. a4 Rhg8 19. b4 Bd7 20. Be3 Bf5
21. Qd4 b6 22. c3 Be4 23. a5 Qe6 24. axb6 cxb6 25. Ra2 f6 26. Rfa1 Rd7 27. Qd2
Rb7 28. Ra6 Rc8 29. Qa2 Bd3 30. Rxa7 Bc4 31. Rxb7+ Kxb7 32. Qa7+ Kc6 33. Qxb6+
Kd7 34. Ra7+  1-0

[Event "2nd Easter 4NCL Congress"]
[Site "Daventry"]
[Date "2022.04.17"]
[Round "5"]
[Board "20"]
[White "Matilal, Tamal K"]
[Black "Keshari, Krish"]
[Result "1-0"]
[WhiteElo "1451"]
[BlackElo "1218"]
[PlyCount "77"]
[EventDate "2022.04.15"]
[EventRounds "7"]
[EventCountry "ENG"]

1. Nf3 f5 2. Nc3 Nf6 3. d3 d5 4. Bg5 e6 5. a3 Be7 6. e4 fxe4 7. dxe4 Nxe4 8.
Bxe7 Qxe7 9. Qd3 Nxc3 10. Qxc3 Nc6 11. Bd3 O-O 12. O-O-O b5 13. Qxc6 Bd7 14.
Qc3 c5 15. Qe5 c4 16. Bxh7+ Kxh7 17. Qh5+ Kg8 18. Ng5 g6 19. Qxg6+ Qg7 20.
Qxg7+ Kxg7 21. Rhf1 Rh8 22. h3 Kg6 23. f4 a5 24. Rde1 Kf6 25. Re3 b4 26. g4
Rhe8 27. Rfe1 Re7 28. h4 Rh8 29. Nf3 Rg8 30. g5+ Kf5 31. Nd4+ Kxf4 32. Kd2 e5
33. Rf3+ Kg4 34. Rg1+ Kxh4 35. Nf5+ Bxf5 36. Rxf5 Rxg5 37. Rfxg5 d4 38. Rg8 Rh7
39. Rh1#  1-0

[Event "2nd Easter 4NCL Congress"]
[Site "Daventry"]
[Date "2022.04.17"]
[Round "5"]
[Board "21"]
[White "Beswick, Andrew"]
[Black "Dunne, David C"]
[Result "0-1"]
[WhiteElo "1684"]
[BlackElo "1497"]
[PlyCount "56"]
[EventDate "2022.04.15"]
[EventRounds "7"]
[EventCountry "ENG"]

1. e4 e5 2. Nf3 Nc6 3. Bb5 a6 4. Ba4 Nf6 5. O-O Be7 6. Re1 b5 7. Bb3 d6 8. h3
O-O 9. c3 Na5 10. Bc2 c5 11. d4 Qc7 12. d5 Bd7 13. Nbd2 Rac8 14. Qe2 Nb7 15.
Nf1 c4 16. Ne3 Nc5 17. Nf1 Rfe8 18. Ng3 Bf8 19. Nh4 g6 20. Bg5 Bg7 21. Qf3 Qd8
22. Nf1 h6 23. Bd2 Nh7 24. Qg3 Nf6 25. Re3 Nh5 26. Qh2 Qxh4 27. Re2 Nf4 28.
Bxf4 Qxf4  0-1

[Event "2nd Easter 4NCL Congress"]
[Site "Daventry"]
[Date "2022.04.17"]
[Round "5"]
[Board "22"]
[White "Sartain, Patrick P"]
[Black "Griffin-Young, Sebastian"]
[Result "1/2-1/2"]
[WhiteElo "1570"]
[BlackElo "1431"]
[PlyCount "123"]
[EventDate "2022.04.15"]
[EventRounds "7"]
[EventCountry "ENG"]

1. e4 c5 2. f4 g6 3. Nf3 Bg7 4. c3 e6 5. Be2 Ne7 6. O-O Nbc6 7. Kh1 O-O 8. d3
d5 9. e5 h5 10. d4 c4 11. Ng5 Nf5 12. g4 hxg4 13. Bxg4 b5 14. Rf3 Bb7 15. Rh3
Nh6 16. Bxe6 fxe6 17. Nxe6 Qd7 18. Ng5 Ng4 19. Qf3 Qf5 20. Qxd5+ Rf7 21. Qxf7+
Qxf7 22. Nxf7 Nf2+ 23. Kg2 Nxh3 24. Kxh3 Kxf7 25. Nd2 b4 26. Nxc4 Rh8+ 27. Kg3
Ke6 28. Bd2 Kd5 29. Nd6 Ba6 30. Re1 Bf8 31. Nf7 Rh7 32. Ng5 Rb7 33. h4 bxc3 34.
Bxc3 Bb4 35. e6 Ne7 36. Re5+ Kc6 37. Nf7 Nf5+ 38. Kg4 Rb5 39. Bxb4 Rxb4 40. e7
Nxe7 41. Rxe7 Rxb2 42. Ne5+ Kd5 43. Nxg6 Rg2+ 44. Kh5 Be2+ 45. Kh6 Bd3 46. Rd7+
Ke6 47. Ne5 Bb5 48. Rxa7 Rg8 49. a4 Be8 50. Ra6+ Kf5 51. Kh7 Rg3 52. Ra8 Bh5
53. Rf8+ Ke4 54. Kh6 Be2 55. Nc6 Kd5 56. Re8 Bf3 57. Re5+ Kxc6 58. Rg5 Rh3 59.
h5 Rh4 60. d5+ Bxd5 61. f5 Rxa4 62. Kg7  1/2-1/2

[Event "2nd Easter 4NCL Congress"]
[Site "Daventry"]
[Date "2022.04.17"]
[Round "5"]
[Board "23"]
[White "Wright, George A"]
[Black "Cox, R David"]
[Result "1-0"]
[WhiteElo "1522"]
[BlackElo "1400"]
[PlyCount "107"]
[EventDate "2022.04.15"]
[EventRounds "7"]
[EventCountry "ENG"]

1. b3 e5 2. Bb2 d6 3. g3 f5 4. d3 Nf6 5. h3 Be7 6. Bg2 Nbd7 7. Nd2 c6 8. e4 Nb6
9. Ne2 Qc7 10. Rc1 Be6 11. c4 fxe4 12. dxe4 Qd7 13. Qc2 g6 14. Nf3 h6 15. Rd1
Qc7 16. Nh4 Bf7 17. Nc3 O-O-O 18. a4 g5 19. Nf5 Nxc4 20. bxc4 Bxc4 21. Nb1 Ba6
22. Ne3 Rhf8 23. Kd2 d5 24. Kc1 d4 25. Nf5 h5 26. Nxe7+ Qxe7 27. Ba3 Qc7 28.
Bxf8 Rxf8 29. Bf1 Qa5 30. Bxa6 Qxa6 31. Rd2 Kd7 32. Rhd1 Rc8 33. Qb3 Nxe4 34.
Qf7+ Kd8 35. Rc2 Qxa4 36. Qf5 Nxf2 37. Qxf2 Kc7 38. Qf7+ Kb6 39. Qxh5 c5 40.
Rb2+ Ka6 41. Qe2+ c4 42. Ra2 Ka5 43. Rxa4+ Kxa4 44. Qa2+ Kb5 45. Na3+ Kb4 46.
Nc2+ Kb5 47. Re1 Rc5 48. Qxa7 b6 49. Na3+ Kc6 50. Re2 Ra5 51. Qxa5 bxa5 52.
Rxe5 c3 53. Kc2 Kd6 54. Rxg5  1-0

[Event "2nd Easter 4NCL Congress"]
[Site "Daventry"]
[Date "2022.04.17"]
[Round "5"]
[Board "24"]
[White "Pasari, Rohan"]
[Black "Baan, Radha"]
[Result "1-0"]
[WhiteElo "1510"]
[BlackElo "1144"]
[PlyCount "67"]
[EventDate "2022.04.15"]
[EventRounds "7"]
[EventCountry "ENG"]

1. d4 Nf6 2. c4 c5 3. d5 b5 4. b3 bxc4 5. bxc4 g6 6. Nc3 Bg7 7. Bb2 O-O 8. e3
a5 9. Nf3 d6 10. Bd3 Nbd7 11. e4 Nb6 12. O-O Ba6 13. Qe2 Nh5 14. Nb5 Nf4 15.
Qd2 Nxd3 16. Bxg7 Kxg7 17. Qxd3 Na4 18. Qa3 Nb6 19. Qc3+ f6 20. Ng5 Na4 21. Qa3
fxg5 22. Qxa4 Rf4 23. Qc2 g4 24. Qc3+ Kh6 25. Qe3 g5 26. h4 gxh3 27. Qxh3+ Rh4
28. Qe6+ Kh5 29. g3 Bc8 30. Qf7+ Kg4 31. gxh4 gxh4 32. f3+ Kg3 33. Qg7+ Bg4 34.
Qxg4#  1-0

[Event "2nd Easter 4NCL Congress"]
[Site "Daventry"]
[Date "2022.04.17"]
[Round "5"]
[Board "25"]
[White "Goldsmith, Jennifer"]
[Black "Patel, Diah Dipal"]
[Result "1-0"]
[WhiteElo "1431"]
[BlackElo "1318"]
[PlyCount "73"]
[EventDate "2022.04.15"]
[EventRounds "7"]
[EventCountry "ENG"]

1. d4 d5 2. Nf3 Nc6 3. Bf4 Nf6 4. Nbd2 Nxd4 5. Nxd4 e6 6. N4f3 Bc5 7. e3 Qe7 8.
Nb3 Bb6 9. Be2 O-O 10. O-O Bd7 11. h3 Nh5 12. Bh2 Qf6 13. Ne5 Bc8 14. Bxh5 Qg5
15. Be2 f5 16. Bf4 Qf6 17. Nd4 g5 18. Bh2 f4 19. Ng4 Qg7 20. Nf3 Kh8 21. c3 Rg8
22. Qd3 h5 23. Nge5 g4 24. Nh4 gxh3 25. Nhg6+ Kh7 26. Bxf4 hxg2 27. Ne7+ Kh8
28. N5g6+ Kh7 29. Rfe1 Re8 30. Nh4+ Kh8 31. Neg6+ Kh7 32. Be5 Qh6 33. Ne7+ Qg6
34. Nexg6 Rg8 35. Ne7+ Kh6 36. Nxg8+ Kg5 37. Bf6#  1-0

[Event "2nd Easter 4NCL Congress"]
[Site "Daventry"]
[Date "2022.04.18"]
[Round "6"]
[Board "1"]
[White "Homer, Neil S"]
[Black "Jenkins, Theo"]
[Result "1-0"]
[WhiteElo "1692"]
[BlackElo "1598"]
[PlyCount "119"]
[EventDate "2022.04.15"]
[EventRounds "7"]
[EventCountry "ENG"]

1. e4 c5 2. Nc3 e6 3. f4 Nc6 4. Nf3 d5 5. Bb5 Be7 6. Bxc6+ bxc6 7. d3 Nf6 8.
O-O O-O 9. b3 Ba6 10. Re1 Re8 11. e5 Nd7 12. Bb2 f6 13. Ne2 Qc7 14. Ng3 d4 15.
Bc1 Nb6 16. exf6 Bxf6 17. Ne4 Qe7 18. Ba3 Nd7 19. Nxf6+ Qxf6 20. Ne5 Nxe5 21.
fxe5 Qe7 22. Re4 Rad8 23. Qg4 Rd5 24. Rf1 Rf8 25. Rxf8+ Kxf8 26. Qf4+ Kg8 27.
Rxd4 Rxd4 28. Qxd4 cxd4 29. Bxe7 Bb7 30. Bc5 a5 31. a4 Kf7 32. Bxd4 Kg6 33. Kf2
Kf5 34. Bc3 Kf4 35. Bxa5 Kxe5 36. Bc3+ Kd5 37. Bxg7 Kc5 38. Bc3 Kd5 39. Ke3 Kd6
40. g4 Bc8 41. g5 e5 42. h4 Bg4 43. a5 Bc8 44. h5 Ke6 45. g6 hxg6 46. hxg6 Kf6
47. Bxe5+ Kxg6 48. Kd4 Kf5 49. Bh8 Ke6 50. Kc5 Kd7 51. Kb6 c5 52. a6 Bxa6 53.
Kxa6 Kc6 54. d4 Kd5 55. dxc5 Kxc5 56. c3 Kc6 57. b4 Kc7 58. b5 Kb8 59. Kb6 Ka8
60. Kc7  1-0

[Event "2nd Easter 4NCL Congress"]
[Site "Daventry"]
[Date "2022.04.18"]
[Round "6"]
[Board "2"]
[White "Hariharan, Shambavi"]
[Black "Mckay, Ruairidh"]
[Result "1/2-1/2"]
[WhiteElo "1466"]
[BlackElo "1544"]
[PlyCount "61"]
[EventDate "2022.04.15"]
[EventRounds "7"]
[EventCountry "ENG"]

1. d4 Nf6 2. Nf3 c5 3. Bf4 cxd4 4. Qxd4 Nc6 5. Qd1 g6 6. e3 Bg7 7. c3 d6 8.
Nbd2 a6 9. h3 b5 10. a3 Bb7 11. Be2 O-O 12. O-O Rc8 13. Rc1 Qb6 14. Nd4 Nd8 15.
Bh2 Ba8 16. Qb3 Qb7 17. Bf3 Qb8 18. Bxa8 Qxa8 19. a4 bxa4 20. Qxa4 Qb7 21. Qb3
Qc7 22. Ra1 Rb8 23. Qa3 Nc6 24. Qxa6 Nxd4 25. cxd4 Rxb2 26. Nf3 Qc2 27. Rac1
Qe2 28. Qxe2 Rxe2 29. Rfe1 Ra2 30. e4 d5 31. exd5  1/2-1/2

[Event "2nd Easter 4NCL Congress"]
[Site "Daventry"]
[Date "2022.04.18"]
[Round "6"]
[Board "3"]
[White "Collyer, David"]
[Black "Wall, Robert"]
[Result "1-0"]
[WhiteElo "1663"]
[BlackElo "1673"]
[PlyCount "89"]
[EventDate "2022.04.15"]
[EventRounds "7"]
[EventCountry "ENG"]

1. c4 e5 2. Nc3 Nf6 3. g3 Nc6 4. Bg2 Bc5 5. e3 O-O 6. Nge2 Nb4 7. d3 a6 8. a3
Nc6 9. O-O d6 10. b4 Ba7 11. Nd5 Bg4 12. Qc2 Rb8 13. Nec3 Nxd5 14. Nxd5 Ne7 15.
Nxe7+ Qxe7 16. Bb2 c6 17. Rfe1 Bf5 18. Qc3 Qg5 19. d4 f6 20. c5 dxc5 21. Qc4+
Kh8 22. dxc5 Rbd8 23. Rad1 Bg4 24. Rxd8 Rxd8 25. Qf7 Qg6 26. Qxb7 Bb8 27. Bxc6
Qc2 28. Qb6 Rf8 29. Qxa6 Qxb2 30. Bb5 e4 31. Be2 Qd2 32. Bxg4 Qxe1+ 33. Kg2 f5
34. Bh5 Qc3 35. c6 Qd3 36. b5 g6 37. a4 gxh5 38. Qb7 Qc4 39. a5 Qf7 40. Qb6 Ba7
41. Qa6 Qc7 42. b6 Qxc6 43. Qxa7 Qa8 44. Qxa8 Rxa8 45. b7  1-0

[Event "2nd Easter 4NCL Congress"]
[Site "Daventry"]
[Date "2022.04.18"]
[Round "6"]
[Board "4"]
[White "Jerome, Stelio"]
[Black "Morris, Nigel W"]
[Result "1/2-1/2"]
[WhiteElo "1494"]
[BlackElo "1587"]
[PlyCount "56"]
[EventDate "2022.04.15"]
[EventRounds "7"]
[EventCountry "ENG"]

1. e4 c5 2. d4 cxd4 3. c3 dxc3 4. Nxc3 Nc6 5. Nf3 a6 6. Bc4 d6 7. O-O Nf6 8. e5
dxe5 9. Qxd8+ Nxd8 10. Nxe5 e6 11. Rd1 Be7 12. Be3 O-O 13. Rac1 b5 14. Bb3 Nb7
15. Ne2 Na5 16. Bc2 Nd5 17. Be4 Bb7 18. Nd7 Rfd8 19. Bxd5 Bxd5 20. Nb6 Rab8 21.
Nxd5 exd5 22. Nf4 Bg5 23. Nxd5 Bxe3 24. Nxe3 f6 25. b3 Nb7 26. Nf5 Rxd1+ 27.
Rxd1 g6 28. Ne7+ Kf8  1/2-1/2

[Event "2nd Easter 4NCL Congress"]
[Site "Daventry"]
[Date "2022.04.18"]
[Round "6"]
[Board "5"]
[White "Keshari, Rohit"]
[Black "Vaidyanathan, Adithya"]
[Result "1-0"]
[WhiteElo "1182"]
[BlackElo "1590"]
[PlyCount "107"]
[EventDate "2022.04.15"]
[EventRounds "7"]
[EventCountry "ENG"]

1. d4 d5 2. e3 c5 3. c3 cxd4 4. exd4 Nf6 5. Bd3 Bg4 6. Nf3 Nc6 7. Nbd2 e6 8.
O-O Bd6 9. Qe1 O-O 10. Ne5 Bh5 11. f4 Nd7 12. Qg3 Bg6 13. Bxg6 fxg6 14. Qh3 Qe7
15. Ndf3 Ncxe5 16. fxe5 Bc7 17. Ng5 Rxf1+ 18. Kxf1 Nf8 19. Kg1 h6 20. Nf3 g5
21. Qg4 Nh7 22. h4 Bd8 23. hxg5 hxg5 24. Bd2 Qf7 25. Bxg5 Bxg5 26. Nxg5 Nxg5
27. Qxg5 Rf8 28. Qd2 g6 29. Qe2 Qf4 30. Rf1 Qxf1+ 31. Qxf1 Rxf1+ 32. Kxf1 Kh7
33. g4 Kh6 34. Kg2 Kg7 35. a4 Kf7 36. Kf3 g5 37. b3 Ke7 38. Ke3 a5 39. Kd3 Kd7
40. c4 Kc6 41. Kc3 b6 42. b4 Kb7 43. c5 bxc5 44. dxc5 Kc6 45. Kb3 axb4 46. Kxb4
Kb7 47. Kb5 Kb8 48. a5 Kb7 49. c6+ Ka7 50. a6 Kb8 51. Kb6 d4 52. a7+ Ka8 53. c7
d3 54. c8=Q#  1-0

[Event "2nd Easter 4NCL Congress"]
[Site "Daventry"]
[Date "2022.04.18"]
[Round "6"]
[Board "6"]
[White "Cotterell, David M"]
[Black "Sagar, Aneesh"]
[Result "0-1"]
[WhiteElo "1541"]
[BlackElo "1580"]
[PlyCount "94"]
[EventDate "2022.04.15"]
[EventRounds "7"]
[EventCountry "ENG"]

1. c4 c5 2. g3 Nf6 3. Bg2 e6 4. e4 Nc6 5. Nc3 d5 6. exd5 exd5 7. Nxd5 Nxd5 8.
Bxd5 Nb4 9. d3 Nxd5 10. cxd5 Qxd5 11. Qf3 Be6 12. Qxd5 Bxd5 13. f3 O-O-O 14. b3
Bc6 15. Ke2 Bb5 16. Nh3 Bxd3+ 17. Kf2 Bd6 18. Rd1 Bg6 19. Be3 b6 20. Rac1 Kb7
21. Rd2 Be7 22. Rcd1 Rxd2+ 23. Rxd2 Rd8 24. Nf4 Rxd2+ 25. Bxd2 Kc6 26. Bc3 f6
27. Nxg6 hxg6 28. Ke3 Kd5 29. Kd3 b5 30. Ke3 Bd8 31. h4 Bb6 32. Kf4 Bc7+ 33.
Kg4 Be5 34. Ba5 c4 35. f4 Bb2 36. f5 c3 37. fxg6 c2 38. Bd2 c1=Q 39. Bxc1 Bxc1
40. Kf5 Be3 41. h5 Bh6 42. g4 Kc5 43. a3 a5 44. Ke4 b4 45. a4 Bg5 46. Kd3 Kd5
47. Ke2 Kd4  0-1

[Event "2nd Easter 4NCL Congress"]
[Site "Daventry"]
[Date "2022.04.18"]
[Round "6"]
[Board "7"]
[White "Dias, Yan A"]
[Black "Webster, Vivien"]
[Result "0-1"]
[WhiteElo "1525"]
[BlackElo "1653"]
[PlyCount "88"]
[EventDate "2022.04.15"]
[EventRounds "7"]
[EventCountry "ENG"]

1. e4 e6 2. d4 Ne7 3. c4 Ng6 4. Nc3 Be7 5. g3 d6 6. h4 e5 7. d5 Nd7 8. h5 Ngf8
9. h6 g6 10. Bh3 Nb6 11. b3 Bxh3 12. Nxh3 Nfd7 13. a4 a5 14. f4 exf4 15. gxf4
Bh4+ 16. Kd2 Bf6 17. Kc2 Bxc3 18. Kxc3 Qf6+ 19. Qd4 Qxd4+ 20. Kxd4 Nc5 21. Rb1
O-O-O 22. Ba3 Ncd7 23. Ng5 Rde8 24. Rhe1 f6 25. Ne6 c5+ 26. dxc6 Rxe6 27. cxd7+
Kxd7 28. c5 dxc5+ 29. Bxc5 Kc6 30. Rbc1 Nc8 31. Ke3 Rhe8 32. Bd4+ Kd7 33. e5
Nd6 34. Red1 Nf5+ 35. Ke4 fxe5 36. Bxe5+ Rd6 37. Kf3 Rxd1 38. Rxd1+ Ke6 39. Re1
Kf7 40. Rc1 Re7 41. Rc5 b6 42. Rb5 Rb7 43. Ke4 Ke6 44. Bd4 Nd6+  0-1

[Event "2nd Easter 4NCL Congress"]
[Site "Daventry"]
[Date "2022.04.18"]
[Round "6"]
[Board "8"]
[White "Llewellyn, Alan M"]
[Black "Liu, Jacob"]
[Result "1-0"]
[WhiteElo "1624"]
[BlackElo "1415"]
[PlyCount "65"]
[EventDate "2022.04.15"]
[EventRounds "7"]
[EventCountry "ENG"]

1. c4 c6 2. Nc3 d5 3. e3 Nf6 4. d4 e6 5. Nf3 Nbd7 6. Ne5 Be7 7. f4 O-O 8. cxd5
cxd5 9. Be2 Nxe5 10. fxe5 Nd7 11. O-O f6 12. e4 fxe5 13. exd5 exd4 14. dxe6 Nc5
15. Rxf8+ Qxf8 16. Nb5 d3 17. Bxd3 Nxd3 18. Qxd3 Bxe6 19. Be3 Bf5 20. Qd5+ Kh8
21. Rf1 g6 22. g4 a6 23. gxf5 axb5 24. fxg6 Qg7 25. Bd4 Qxd4+ 26. Qxd4+ Kg8 27.
Qd5+ Kh8 28. Qe5+ Kg8 29. Qxe7 hxg6 30. Rf7 Rc8 31. Rg7+ Kh8 32. Rh7+ Kg8 33.
Qg7#  1-0

[Event "2nd Easter 4NCL Congress"]
[Site "Daventry"]
[Date "2022.04.18"]
[Round "6"]
[Board "9"]
[White "Lacoult, Maxime"]
[Black "Ward, Oliver J"]
[Result "1-0"]
[WhiteElo "1599"]
[BlackElo "1415"]
[PlyCount "147"]
[EventDate "2022.04.15"]
[EventRounds "7"]
[EventCountry "ENG"]

1. b3 d5 2. Bb2 Bg4 3. f3 Bh5 4. e4 dxe4 5. Qe2 c6 6. Nc3 exf3 7. Nxf3 e6 8.
Ne4 Nd7 9. Nd6+ Bxd6 10. Bxg7 Bxf3 11. gxf3 Be5 12. Bxe5 Nxe5 13. Qxe5 Qf6 14.
f4 Qh4+ 15. Kd1 Qf6 16. Be2 O-O-O 17. Bh5 Rd7 18. c3 Qxe5 19. fxe5 Nh6 20. Rf1
Nf5 21. Ke2 c5 22. Bf3 Rhd8 23. Rad1 Nh4 24. Be4 Ng6 25. Bxg6 fxg6 26. Rf6 Re7
27. h4 b5 28. a3 c4 29. bxc4 bxc4 30. d3 Rd5 31. d4 Rb5 32. Rd2 Rb3 33. Rc2
Rxa3 34. h5 gxh5 35. Rh6 Kd7 36. Rxh5 Rg7 37. Kf3 a5 38. Rh6 Ra1 39. Rb2 Rf1+
40. Ke2 Rg2+ 41. Kxf1 Rxb2 42. Rxh7+ Kc6 43. Re7 Kd5 44. Rd7+ Ke4 45. Rd6 Kf5
46. Ra6 Ra2 47. Rc6 Ra4 48. Ke2 Ra2+ 49. Kf3 Rb2 50. Rxc4 Rb3 51. Ke3 Ra3 52.
Kd3 a4 53. Kc2 Ke4 54. Rc6 Kf5 55. Ra6 Ra2+ 56. Kb1 Ra3 57. Kb2 Rb3+ 58. Kc2
Ra3 59. c4 Ra2+ 60. Kc3 Ra3+ 61. Kb4 Rd3 62. Kc5 a3 63. Ra4 Rh3 64. Kd6 Rh4 65.
c5 a2 66. Rxa2 Rxd4+ 67. Kc7 Kxe5 68. c6 Rc4 69. Re2+ Kd5 70. Rd2+ Kc5 71. Kd7
Kb4 72. c7 Kc3 73. Rd1 e5 74. Rc1+  1-0

[Event "2nd Easter 4NCL Congress"]
[Site "Daventry"]
[Date "2022.04.18"]
[Round "6"]
[Board "10"]
[White "Cox, Lucian"]
[Black "Keerthi Kumar, Advait"]
[Result "0-1"]
[WhiteElo "1545"]
[BlackElo "1377"]
[PlyCount "74"]
[EventDate "2022.04.15"]
[EventRounds "7"]
[EventCountry "ENG"]

1. e4 c5 2. d4 cxd4 3. c3 dxc3 4. Nxc3 Nc6 5. Nf3 d6 6. Bc4 Nf6 7. O-O Bg4 8.
Bf4 a6 9. a3 e6 10. Qd3 Qb8 11. Rfd1 Ne5 12. Bxe5 dxe5 13. Rac1 Be7 14. Nb5 O-O
15. Nc7 Bxf3 16. Qxf3 Qxc7 17. Bxe6 Qb6 18. Bb3 Rfd8 19. Rxd8+ Rxd8 20. Rf1 Bc5
21. Qc3 Bd4 22. Qc4 Rf8 23. Qc2 Nxe4 24. Bxf7+ Rxf7 25. Qxe4 Qxb2 26. Qd5 g6
27. a4 Kg7 28. h3 Rxf2 29. Rxf2 Qxf2+ 30. Kh2 Qf4+ 31. Kh1 Qc1+ 32. Kh2 Qc7 33.
a5 Bf2 34. Qe4 Bd4 35. Kh1 Qc1+ 36. Kh2 Qf4+ 37. Qxf4 exf4  0-1

[Event "2nd Easter 4NCL Congress"]
[Site "Daventry"]
[Date "2022.04.18"]
[Round "6"]
[Board "11"]
[White "Horspool, Ben"]
[Black "Loyden, Gary"]
[Result "1/2-1/2"]
[WhiteElo "1525"]
[BlackElo "1526"]
[PlyCount "41"]
[EventDate "2022.04.15"]
[EventRounds "7"]
[EventCountry "ENG"]

1. d4 Nf6 2. Bf4 g6 3. Nc3 d6 4. Qd2 Nbd7 5. Bh6 Nb6 6. e4 Bd7 7. Bxf8 Rxf8 8.
Nf3 h5 9. O-O-O Bg4 10. Be2 a5 11. h3 Bxf3 12. Bxf3 e5 13. dxe5 Nc4 14. Qd3
Nxe5 15. Qb5+ Ke7 16. Qxb7 Rb8 17. Nd5+ Nxd5 18. Qxd5 c6 19. Qd4 Qc7 20. Rd2
Rb4 21. Qe3  1/2-1/2

[Event "2nd Easter 4NCL Congress"]
[Site "Daventry"]
[Date "2022.04.18"]
[Round "6"]
[Board "12"]
[White "Lloyd, Gregory"]
[Black "Fraser, Chris A"]
[Result "1-0"]
[WhiteElo "1498"]
[BlackElo "1631"]
[PlyCount "115"]
[EventDate "2022.04.15"]
[EventRounds "7"]
[EventCountry "ENG"]

1. d4 Nf6 2. c4 e6 3. Nc3 Bb4 4. f3 d5 5. a3 Be7 6. e4 dxe4 7. fxe4 e5 8. d5
Bc5 9. h3 a5 10. Bg5 Be7 11. Nf3 h6 12. Bh4 Nbd7 13. Bd3 O-O 14. O-O Ne8 15.
Bg3 Bf6 16. b4 Qe7 17. Qb3 c5 18. dxc6 bxc6 19. c5 Ba6 20. Bxa6 Rxa6 21. Qc4
Nc7 22. Rad1 Rfa8 23. Nh4 Bxh4 24. Bxh4 Qe8 25. Rxf7 Qxf7 26. Qxf7+ Kxf7 27.
Rxd7+ Kg8 28. Rxc7 axb4 29. axb4 Rb8 30. Bg3 Rxb4 31. Bxe5 Rc4 32. Rxg7+ Kf8
33. Rg6 Rxc5 34. Bd6+ Kf7 35. Bxc5 Kxg6 36. e5 Ra5 37. Bd6 Kf5 38. Kf2 Ra1 39.
g4+ Ke6 40. Ne4 Rh1 41. Kg3 Re1 42. Nc5+ Kd5 43. Nd7 Ke6 44. Nb6 Rf1 45. Kh4
Rh1 46. Nc4 Rc1 47. Ne3 c5 48. Kg3 c4 49. h4 c3 50. Bf8 c2 51. Bxh6 Rg1+ 52.
Ng2 c1=Q 53. Bxc1 Rxc1 54. Nf4+ Ke7 55. Kf3 Rc3+ 56. Ke4 Rc8 57. g5 Rf8 58.
Ng6+  1-0